Linejnaja i nelinejnaja regressii

Enregistré dans:
Détails bibliographiques
Auteur principal: Demidenko, Jevgenij Zjamovič
Format: Livre
Langue:russe
Publié: Moskva Finansy i statistika 1981
Tags: Ajouter un tag
Pas de tags, Soyez le premier à ajouter un tag!

MARC

LEADER 00000nam a2200000 4500
001 c125155
005 20221220103547.8
041 0 |a rus 
044 |a RU 
245 1 0 |a Linejnaja i nelinejnaja regressii  |c Jevgenij Zjamovič Demidenko 
264 1 |a Moskva  |b Finansy i statistika  |c 1981 
300 |a 301 s. 
100 1 |a Demidenko, Jevgenij Zjamovič